000
00346 a2200169 4500
001
171797
020
_a
85-08-03689-2
040
_c
Magnum
100
_a
Rey, Marcos
240
1
0
_a
Corrida infernal
_l
por
245
1
0
_a
Corrida infernal
300
_a
117
362
0
_a
1991
440
1
_a
Ática
697
_a
LITERATURA JUVENIL
942
_c
BK
999
_c
171797
_d
171797